[Event "Mar del Plata op 53rd"]
[Site "Mar del Plata"]
[Date "2024.03.23"]
[Round "1"]
[White "Patino, Uriel"]
[Black "Flores, Diego"]
[Result "0-1"]
[WhiteElo "1856"]
[BlackElo "2530"]
[PlyCount "64"]
[EventDate "2024.03.23"]
[EventType "swiss"]
[EventRounds "9"]
[EventCountry "ARG"]
[SourceTitle "CB14_2024"]
[SourceDate "2024.04.01"]
[SourceVersion "1"]
[SourceVersionDate "2024.04.01"]
[SourceQuality "1"]

1. e4 c5 2. Nc3 a6 3. f4 b5 4. Nf3 Bb7 5. d3 e6 6. g3 d5 7. e5 Nh6 8. Bg2 Nf5 9. 0-0 h5 10. a4 b4 11. Ne2 Nc6 12. b3 Qb6 13. Kh1 Rc8 14. Bh3 d4 15. Bxf5 exf5 16. h3 Ne7 17. Kh2 Qc6 18. Rf2 Ng8 19. Qg1 Nh6 20. Bd2 Ng4+ 21. hxg4 hxg4+ 22. Nh4 Be7 23. Qh1 Qb6 24. Rg2 Bxh4 25. Kg1 Qc6 26. Rh2 Qxh1+ 27. Rxh1 Bxh1 28. gxh4 Bf3 29. Ng3 Rxh4 30. Be1 Kd7 31. Nxf5 Rh1+ 32. Kf2 Rch8 0-1

[Event "Buenos Aires FAOGBA op 2nd"]
[Site "Buenos Aires"]
[Date "2024.03.18"]
[Round "8"]
[White "Mareco, Sandro"]
[Black "Flores, Diego"]
[Result "1/2-1/2"]
[WhiteElo "2589"]
[BlackElo "2530"]
[PlyCount "104"]
[EventDate "2024.03.12"]
[EventType "swiss"]
[EventRounds "9"]
[EventCountry "ARG"]
[SourceTitle "CB13_2024"]
[SourceDate "2024.03.27"]
[SourceVersion "1"]
[SourceVersionDate "2024.03.27"]
[SourceQuality "1"]

1. d4 Nf6 2. c4 e6 3. Nc3 Bb4 4. Qc2 c5 5. dxc5 0-0 6. a3 Bxc5 7. Nf3 Nc6 8. e3 d5 9. b4 Bd6 10. Bb2 a5 11. b5 Ne5 12. Nxe5 Bxe5 13. Na4 Qc7 14. c5 Bxb2 15. Qxb2 e5 16. Be2 d4 17. exd4 exd4 18. 0-0 Bg4 19. f3 Bf5 20. Rad1 Qe5 21. Bd3 Qe3+ 22. Qf2 Be6 23. Rfe1 Qg5 24. Bc2 d3 25. Rxd3 Nd5 26. Rd4 Rad8 27. f4 Qf6 28. f5 Bc8 29. Red1 Nc7 30. Nc3 Rde8 31. b6 Na6 32. Nd5 Qg5 33. f6 Nxc5 34. Rc4 Ne6 35. h4 Qh6 36. fxg7 Kxg7 37. Qg3+ Kh8 38. Qc3+ f6 39. Rf1 Ng7 40. Nxf6 Rd8 41. Rcf4 Rf7 42. Bb3 Rff8 43. Qc5 Qg6 44. h5 Qd3 45. h6 Nf5 46. Nd5 Rg8 47. Qc3+ Qxc3 48. Nxc3 Rg3 49. R4f3 Rxf3 50. Rxf3 Nd4 51. Rf7 Nxb3 52. Ne4 Be6 1/2-1/2

[Event "Chessable Masters Play In"]
[Site "Chess.com INT"]
[Date "2024.01.31"]
[Round "6"]
[White "Salgado Lopez, Ivan"]
[Black "Flores, Diego"]
[Result "1-0"]
[WhiteElo "2608"]
[BlackElo "2526"]
[PlyCount "77"]
[EventDate "2024.01.31"]
[EventType "swiss (rapid)"]
[EventRounds "9"]
[EventCountry "USA"]
[SourceTitle "CB06_2024"]
[SourceDate "2024.02.07"]
[SourceVersion "1"]
[SourceVersionDate "2024.02.07"]
[SourceQuality "1"]

1. e4 e5 2. Nf3 Nc6 3. Bc4 Bc5 4. d3 Nf6 5. Be3 Bb6 6. 0-0 d6 7. a4 Be6 8. Bxe6 fxe6 9. Nbd2 0-0 10. c3 Ng4 11. Bxb6 axb6 12. b4 Kh8 13. g3 Qf6 14. Kg2 Rf7 15. h3 Nh6 16. Qe2 Raf8 17. a5 bxa5 18. bxa5 Ra8 19. Nc4 Raf8 20. Nh2 d5 21. Ne3 d4 22. Neg4 Nxg4 23. Nxg4 Qg5 24. c4 Nb4 25. h4 Qh5 26. f3 c5 27. Qd2 h6 28. a6 bxa6 29. Ra5 Qxg4 30. fxg4 Rxf1 31. g5 hxg5 32. hxg5 R1f3 33. g6 Kg8 34. Qg5 Rf1 35. Rxc5 Nc2 36. Rc8 Ne3+ 37. Kh2 Rxc8 38. Qh5 Ng4+ 39. Qxg4 1-0

[Event "Mar de Ajo op 5th"]
[Site "Mar de Ajo"]
[Date "2023.11.10"]
[Round "2"]
[White "Zamani, Andres"]
[Black "Flores, Diego"]
[Result "0-1"]
[WhiteElo "2038"]
[BlackElo "2526"]
[PlyCount "90"]
[EventDate "2023.11.10"]
[EventType "swiss"]
[EventRounds "6"]
[EventCountry "ARG"]
[SourceTitle "CB46_2023"]
[SourceDate "2023.11.15"]
[SourceVersion "1"]
[SourceVersionDate "2023.11.15"]
[SourceQuality "1"]

1. e4 c5 2. Nc3 Nc6 3. f4 g6 4. Nf3 Bg7 5. Bc4 e6 6. f5 Nge7 7. fxe6 dxe6 8. 0-0 0-0 9. d3 Na5 10. Bb3 Nec6 11. Be3 b6 12. Qd2 Nd4 13. Rae1 Naxb3 14. axb3 e5 15. Rf2 f6 16. Ref1 Be6 17. Bh6 Qd7 18. Bxg7 Kxg7 19. Qd1 b5 20. Re1 a5 21. Nd2 Qb7 22. Qc1 Rab8 23. Nd1 a4 24. bxa4 bxa4 25. Nc4 Bxc4 26. dxc4 Qb4 27. c3 Nb3 28. Qc2 Qxc4 29. Ne3 Qe6 30. Ref1 Rbd8 31. h3 Rd6 32. Ng4 Qe7 33. Qe2 h5 34. Ne3 Nd2 35. Nd5 Rxd5 36. exd5 Nxf1 37. Qxf1 e4 38. Qc4 f5 39. Qxa4 e3 40. Re2 f4 41. Qa6 f3 42. gxf3 Rxf3 43. Rg2 Qe4 44. d6 Rxh3 45. d7 Qb1+ 0-1

[Event "Temuco op 1st"]
[Site "Temuco"]
[Date "2023.10.08"]
[Round "4"]
[White "Ballesteros Cardenas, Leonardo"]
[Black "Flores, Diego"]
[Result "0-1"]
[WhiteElo "2111"]
[BlackElo "2537"]
[PlyCount "90"]
[EventDate "2023.10.06"]
[EventType "swiss"]
[EventRounds "7"]
[EventCountry "CHI"]
[SourceTitle "Mega2024 Update 01"]
[Source "Chessbase"]
[SourceDate "2023.11.12"]
[SourceVersion "1"]
[SourceVersionDate "2023.11.12"]
[SourceQuality "1"]

1. d4 Nf6 2. c4 e6 3. Nc3 d5 4. cxd5 exd5 5. Bg5 c6 6. e3 h6 7. Bh4 Be7 8. Bd3 0-0 9. Nge2 Nbd7 10. Qc2 Re8 11. 0-0 a5 12. f3 b5 13. Kh1 Bb7 14. Rae1 Rc8 15. Bf2 b4 16. Na4 c5 17. dxc5 Nxc5 18. Nxc5 Bxc5 19. Bf5 Rc7 20. Qd2 Ba6 21. Rg1 g6 22. Bb1 Bxe2 23. Rxe2 Rce7 24. Rge1 b3 25. Qd3 Rb7 26. axb3 Rb4 27. Rd1 Qb6 28. Bc2 a4 29. bxa4 Rxb2 30. Bg1 Qb4 31. e4 dxe4 32. fxe4 Bxg1 33. Rxg1 Ng4 34. Rf1 Qb8 35. Qh3 h5 36. Bd1 Rb1 37. Qg3 Qxg3 38. hxg3 Rd8 39. Ree1 Rdxd1 40. Rxd1 Rxd1 41. Rxd1 Nf2+ 42. Kg1 Nxd1 43. a5 Nc3 44. Kf2 Nxe4+ 45. Ke3 Nc5 0-1

[Event "Temuco op 1st"]
[Site "Temuco"]
[Date "2023.10.08"]
[Round "5"]
[White "Flores, Diego"]
[Black "Mavrich, Demian"]
[Result "1-0"]
[WhiteElo "2537"]
[BlackElo "2244"]
[PlyCount "95"]
[EventDate "2023.10.06"]
[EventType "swiss"]
[EventRounds "7"]
[EventCountry "CHI"]
[SourceTitle "Mega2024 Update 01"]
[Source "Chessbase"]
[SourceDate "2023.11.12"]
[SourceVersion "1"]
[SourceVersionDate "2023.11.12"]
[SourceQuality "1"]

1. Nf3 Nf6 2. d4 g6 3. c4 Bg7 4. Nc3 d5 5. cxd5 Nxd5 6. e4 Nxc3 7. bxc3 c5 8. Bb5+ Nc6 9. d5 Bxc3+ 10. Bd2 Qa5 11. Rb1 a6 12. Ba4 b5 13. dxc6 bxa4 14. 0-0 Bxd2 15. Nxd2 Be6 16. Qc1 0-0 17. Nf3 Rfc8 18. Rb7 Rxc6 19. Qh6 Qc3 20. e5 Bd5 21. Rc1 Qa3 22. Qd2 Bxf3 23. Rc3 Qxc3 24. Qxc3 Bd5 25. a3 e6 26. h4 Rcc8 27. Rd7 h5 28. Qc1 Rab8 29. Qf4 Rf8 30. Qxa4 Rbc8 31. Qa5 c4 32. Rc7 Ra8 33. Kh2 Rfb8 34. f3 Rb5 35. Qd2 Rb7 36. Rxb7 Bxb7 37. Qd7 Bd5 38. Qc7 Kg7 39. Kg3 Rf8 40. Kf4 Kh6 41. g4 hxg4 42. fxg4 g5+ 43. hxg5+ Kg7 44. Qe7 Rc8 45. g6 Kxg6 46. Qf6+ Kh7 47. Qxf7+ Kh8 48. Kg5 1-0

[Event "Julius Baer Rapid Div 3 W"]
[Site "Chess.com INT"]
[Date "2023.08.30"]
[Round "1.3"]
[White "Flores, Diego"]
[Black "Maghsoodloo, Parham"]
[Result "1-0"]
[WhiteElo "2534"]
[BlackElo "2707"]
[PlyCount "103"]
[EventDate "2023.08.30"]
[EventType "k.o. (rapid)"]
[EventRounds "7"]
[EventCountry "GER"]
[SourceTitle "EXT 2024"]
[Source "ChessBase"]
[SourceDate "2023.10.10"]
[SourceVersion "1"]
[SourceVersionDate "2023.10.10"]
[SourceQuality "1"]

1. c4 e6 2. Nf3 d5 3. g3 Nf6 4. Bg2 Be7 5. 0-0 0-0 6. b3 b6 7. Bb2 Bb7 8. e3 Nbd7 9. Nc3 c5 10. Qe2 Rc8 11. d3 Qc7 12. e4 d4 13. Nd1 Ne8 14. Bc1 e5 15. Ne1 Nd6 16. f4 f5 17. fxe5 Nxe5 18. Bf4 Bf6 19. exf5 Rce8 20. Bxb7 Qxb7 21. Qh5 Re7 22. Nf2 g6 23. fxg6 hxg6 24. Qd1 Bg7 25. Ng4 Nf5 26. Ng2 Nf7 27. Qf3 Qxf3 28. Rxf3 Rfe8 29. Raf1 a5 30. h4 a4 31. bxa4 Ra8 32. Rb1 Rxa4 33. Rxb6 Rxa2 34. Rxg6 Kh7 35. h5 Ree2 36. Rf2 Rxf2 37. Nxf2 Ra1+ 38. Kh2 Ra2 39. Ng4 Ne3 40. Bxe3 dxe3 41. N4xe3 Ne5 42. Rd6 Bh6 43. Nf5 Bf8 44. Rd8 Nf3+ 45. Kh3 Ng5+ 46. Kg4 Ne6 47. Rd7+ Kg8 48. Ngh4 Bg7 49. h6 Bf6 50. Ng6 Nf8 51. h7+ Nxh7 52. Nh6# 1-0

[Event "Titled Tuesday intern op 15th Aug Early"]
[Site "Chess.com INT"]
[Date "2023.08.15"]
[Round "2"]
[White "Urbina Perez, Juan Antonio"]
[Black "Flores, Diego"]
[Result "0-1"]
[WhiteElo "2266"]
[BlackElo "2534"]
[PlyCount "84"]
[EventDate "2023.08.15"]
[EventType "swiss (blitz)"]
[EventRounds "11"]
[EventCountry "USA"]
[SourceTitle "EXT 2024"]
[Source "ChessBase"]
[SourceDate "2023.10.10"]
[SourceVersion "1"]
[SourceVersionDate "2023.10.10"]
[SourceQuality "1"]

1. d4 d6 2. e4 Nf6 3. f3 c5 4. Ne2 cxd4 5. Nxd4 e5 6. Nb3 Nc6 7. Nc3 Be7 8. Be3 Be6 9. Qd2 a5 10. a4 0-0 11. Nd5 Bxd5 12. exd5 Nb4 13. c4 Nd7 14. Bd3 b6 15. 0-0 Nc5 16. Bc2 f5 17. Nc1 g6 18. Nd3 Nbxd3 19. Bxd3 Nb3 20. Qf2 Nxa1 21. Rxa1 Rb8 22. b3 e4 23. Bc2 f4 24. Bd4 e3 25. Qe2 Bf6 26. Rd1 Bxd4 27. Rxd4 Qf6 28. Re4 Rbe8 29. h3 Rxe4 30. Bxe4 Qa1+ 31. Kh2 Qc3 32. g3 Qd2 33. Bd3 g5 34. g4 Kg7 35. h4 h6 36. h5 Kf6 37. Kg2 Qxe2+ 38. Bxe2 Ke5 39. Kf1 Kd4 40. Ke1 Kc3 41. Bd1 Re8 42. Ke2 Re5 0-1